000 00686nam a2200265Ia 4500
005 20260302114801.0
008 008 260114s9999 xx 000 0 eng d
020 _a9781501392849
037 _aTextbook
040 _aCRL
040 _beng
040 _cCRL
041 _2eng
041 _aeng
084 _qCRL
100 _aTodd McGowan
_91119749
245 4 _aThe Racist Fantasy Unconscious Roots of Hatred
260 _bBloomsbury
260 _bBloomsbury Academic
260 _c2022
650 _aLiterary Studies
856 _uhttps://doi.org/10.5040/9781501392849?locatt=label:secondary_bloomsburyCollections
942 _cEBOOK
999 _c1683826
_d1683826